LEADER 01700aam 2200445I 450 001 9910711202003321 005 20151113033706.0 024 8 $aGOVPUB-C13-394f7814a03d3b046fdffe2d99e68c05 035 $a(CKB)5470000002482006 035 $a(OCoLC)929068035 035 $a(EXLCZ)995470000002482006 100 $a20151113d1999 ua 0 101 0 $aeng 181 $2rdacontent 182 $2rdamedia 183 $2rdacarrier 200 10$aComparison of passive intermodulation measurements for the U.S. wireless industry /$fJeffrey A. Jargon 210 1$aGaithersburg, MD :$cU.S. Dept. of Commerce, National Institute of Standards and Technology,$d1999. 215 $a1 online resource 225 1 $aNIST technical note ;$v1515 300 $a1999. 300 $aContributed record: Metadata reviewed, not verified. Some fields updated by batch processes. 300 $aTitle from PDF title page. 320 $aIncludes bibliographical references. 606 $aRadio frequency$xMeasurement 606 $aRadio measurements$xStandards$zUnited States 606 $aRadio$zUnited States$xEquipment and supplies$xTesting 615 0$aRadio frequency$xMeasurement. 615 0$aRadio measurements$xStandards 615 0$aRadio$xEquipment and supplies$xTesting. 700 $aJargon$b Jeffrey A$g(Jeffrey Arendt)$01391188 701 $aJargon$b Jeffrey A$g(Jeffrey Arendt)$01391188 712 02$aUnited States.$bNational Bureau of Standards. 801 0$bNBS 801 1$bNBS 801 2$bGPO 906 $aBOOK 912 $a9910711202003321 996 $aComparison of passive intermodulation measurements for the U.S. wireless industry$93466773 997 $aUNINA LEADER 01492nas 2200469-a 450 001 9910304555803321 005 20240413025724.0 011 $a2433-1465 035 $a(CKB)111088195186154 035 $a(CONSER)---00243308- 035 $a(EXLCZ)99111088195186154 100 $a19930630b1990199u --- - 101 0 $ajpn 181 $ctxt$2rdacontent 182 $cc$2rdamedia 183 $acr$2rdacarrier 200 $aBiomedical fuzzy systems bulletin 210 $aOkayama, Japan $cBiomedical Fuzzy Systems Association$d[1990]- 215 $a1 online resource 300 $aTitle from cover. 311 08$aPrint version: Biomedical fuzzy systems bulletin 0915-9274 (DLC) 00243308 (OCoLC)44512451 606 $aFuzzy systems$vPeriodicals 606 $aFuzzy logic$vPeriodicals 606 $aNeural networks (Computer science)$vPeriodicals 606 $aFuzzy Logic 606 $aAlgorithms 606 $aDiagnosis, Computer-Assisted 606 $aNeural Networks, Computer 608 $aPeriodical. 615 0$aFuzzy systems 615 0$aFuzzy logic 615 0$aNeural networks (Computer science) 615 12$aFuzzy Logic. 615 22$aAlgorithms. 615 22$aDiagnosis, Computer-Assisted. 615 22$aNeural Networks, Computer. 712 02$aBaiomedikaru Faji? Shisutemu Gakkai. 906 $aJOURNAL 912 $a9910304555803321 920 $aexl_impl conversion 996 $aBiomedical fuzzy systems bulletin$91977447 997 $aUNINA